000 00249nam a2200109Ia 4500
005 20251222153642.0
008 251222s9999||||xx |||||||||||||| ||spa||
082 _a868.942/R24
100 _a"Ramos, Graciliano"
245 0 _aSÍcheresse
942 _cLIB
999 _c32781
_d32781